01329nab a22002417a 4500999001500000003000400015005001700019008004100036040000700077100003700084245011700121260007300238300001500311500007100326505033500397505008900732650003500821650003000856650002200886650002800908773013800936942001301074 c5644d5644OSt20251226212641.0190603e xxum|||| |||| 00| 0 spa d cPJ 96406aMarcos, Guillermo Andrés10aConcurso preventivo. Créditos con privilegio especial. Oponibilidad del acuerdo / cGuillermo Andrés Marcos. cCiudad Autónoma de Buenos Aires :aThomson Reuters La Ley, b2025. ap. 107-112 aCita: TR LALEY AR/DOC/1042/2025 Publicado en: RCCyC 2025 (junio). aSumario: I. De la cuestión en debate.— II. De la legislación antecedente.— III. De la categorización.— IV. De la igualdad.— V. Procedimiento colectivo y universal.— VI. Principio de conservación de la empresa.— VII. Prevalencia de los arts. 44 y 47 LCQ.— VIII. Prevalencia del art. 56 LCQ.— IX. Colofón.  t¿Te interesa el texto completo? Solicitalo al correo: koha@justierradelfuego.gov.ar 091497aCODIGO CIVIL Y COMERCIAL 091753aCONCURSO PREVENTIVO 0aDERECHO CONCURSAL 0aPRIVILEGIOS CONCURSALES0 0271393170dCiudad Autónoma de Buenos Aires : Thomson Reuters La Ley, 2015-tRevista Código Civil y Comercial. Nº 3 - Junio 2025 2udccANA